Tělesná kultura : recenzované periodikum Fakulty tělesné kultury Univerzity Palackého v Olomouci. 2012, ročník 35, číslo 2 /
Uložené v:
| Médium: | Kniha |
|---|---|
| Jazyk: | Slovak Czech |
| Vydané: |
Olomouc :
Univerzita Palackého,
2012.
|
| Vydanie: | [1. vyd.] |
| Témy: | |
| Fyzický popis: |
128 s. : tab. ; 21 cm. |
| Tagy: |
Pridať tag
Žiadne tagy, Buďte prvý kto otaguje tento záznam!
|
Titul je dostupný aj v ... 

MARC
| LEADER | 00000nam a22000004a 4500 | ||
|---|---|---|---|
| 001 | 000442001 | ||
| 005 | 20150925112046.0 | ||
| 008 | 131029s2012 xo l e 000 0 slo d | ||
| 022 | |a 1211-6521 | ||
| 040 | |a SVKKK |b slo |c SVKKK |e AACR2 | ||
| 041 | 0 | |a cze |b eng | |
| 043 | |a e-xr--- | ||
| 044 | |a xr |c CZ | ||
| 072 | 7 | |a 796 |x Šport. Hry. Telesné cvičenia |2 konspekt | |
| 080 | |a 796/799 |2 2001 | ||
| 080 | |a 796.01 |2 2001 | ||
| 080 | |a (082) |2 2001 | ||
| 245 | 0 | 0 | |a Tělesná kultura : |b recenzované periodikum Fakulty tělesné kultury Univerzity Palackého v Olomouci. |n 2012, ročník 35, číslo 2 / |c [výkonný redaktor: Iva Tezzelová]. |
| 250 | |a [1. vyd.] | ||
| 260 | |a Olomouc : |b Univerzita Palackého, |c 2012. | ||
| 300 | |a 128 s. : |b tab. ; |c 21 cm. | ||
| 500 | |a Údaj o red. prevzatý z tiráže | ||
| 504 | |a Bibl. odkazy | ||
| 546 | |a Resumé angl. | ||
| 610 | 1 | 7 | |a Fakulta telesnej kultúry Univerzity Palackého v Olomouci. |2 SVKKKKA |
| 650 | 0 | 7 | |a šport |2 SVKKKPH |
| 650 | 0 | 7 | |a telesná kultura |2 SVKKKPH |
| 650 | 0 | 7 | |a filozofia športu |2 SVKKKPH |
| 651 | 7 | |a Česko |2 SVKKKPH | |
| 655 | 7 | |a zborníky |2 SVKKKPH | |
| 700 | 1 | |a Tezzelová, Iva |4 red | |
| 910 | |a svkkk | ||
| 998 | |a BK | ||
| 090 | |g SCKHL |k Sklad Hlavná 10 prízemie |a III.227812 |j 1050411 |i 2720229481 |s Absenčne | ||